[Event "Maceio Alagoano-ch 40th"]
[Site "Maceio"]
[Date "2014.08.24"]
[Round "4"]
[White "Lins, Aurelio Jose Xavier"]
[Black "Dos Santos, Cicero Andersom Amb"]
[Result "1/2-1/2"]
[WhiteElo "1800"]
[BlackElo "1775"]
[PlyCount "111"]
[EventDate "2014.08.23"]
[EventType "swiss"]
[EventRounds "6"]
[EventCountry "BRA"]
[SourceTitle "EXT 2016"]
[Source "ChessBase"]
[SourceDate "2015.10.08"]
[SourceVersion "1"]
[SourceVersionDate "2015.10.08"]
[SourceQuality "1"]

1. e4 c5 2. Nf3 Nc6 3. Bb5 Nb8 4. 0-0 a6 5. Be2 g6 6. c3 Bg7 7. d4 b6 8. Be3 d6 9. Qb3 Nd7 10. Nbd2 b5 11. dxc5 dxc5 12. Qd5 Rb8 13. Qb3 Ngf6 14. e5 c4 15. Qc2 Nd5 16. Bd4 e6 17. Ne4 Bf8 18. Qd2 f5 19. Nd6+ Bxd6 20. exd6 Rg8 21. Qh6 N7f6 22. Bxf6 Qxf6 23. Qxh7 Qg7 24. Qxg7 Rxg7 25. Ne5 Rb6 26. d7+ Bxd7 27. Nxd7 Rxd7 28. Rad1 Rbd6 29. Bf3 Kf7 30. g3 Nc7 31. Rxd6 Rxd6 32. Rd1 Rxd1+ 33. Bxd1 Nd5 34. Bf3 Kf6 35. Kf1 Ke5 36. Ke2 g5 37. Bxd5 exd5 38. h4 gxh4 39. gxh4 Kf4 40. h5 Kg5 41. Kf3 Kxh5 42. Kf4 Kg6 43. Ke5 Kg5 44. Kxd5 Kf4 45. b3 Kf3 46. bxc4 bxc4 47. Kxc4 Kxf2 48. Kd4 f4 49. c4 f3 50. c5 Ke2 51. c6 f2 52. c7 f1Q 53. c8Q Qa1+ 54. Qc3 Qxa2 55. Qc4+ Qxc4+ 56. Kxc4 1/2-1/2

[Event "Maceio Alagoano-ch 40th"]
[Site "Maceio"]
[Date "2014.08.23"]
[Round "2"]
[White "Dos Santos, Cicero Andersom Amb"]
[Black "De Miranda, Yuri Patrice Rocha"]
[Result "0-1"]
[WhiteElo "1775"]
[BlackElo "1828"]
[PlyCount "64"]
[EventDate "2014.08.23"]
[EventType "swiss"]
[EventRounds "6"]
[EventCountry "BRA"]
[SourceTitle "EXT 2016"]
[Source "ChessBase"]
[SourceDate "2015.10.08"]
[SourceVersion "1"]
[SourceVersionDate "2015.10.08"]
[SourceQuality "1"]

1. f4 e6 2. Nf3 Nf6 3. e3 d5 4. Be2 Bc5 5. 0-0 0-0 6. d4 Bb6 7. c4 dxc4 8. Bxc4 Bd7 9. b3 c5 10. Bb2 cxd4 11. Bxd4 Nc6 12. Kh1 Nxd4 13. Nxd4 Qe7 14. Nc3 Rad8 15. Qe2 Bxd4 16. exd4 Bc6 17. Rad1 Qb4 18. Qb2 b5 19. a3 Qa5 20. Bd3 Kh8 21. b4 Qb6 22. Ne2 Qb7 23. Ng3 a6 24. Rf2 Rd7 25. Rfd2 Nd5 26. Bf1 Nxf4 27. Qc3 Nd5 28. Qc5 Rc8 29. Ne4 Qa8 30. Nd6 Rcc7 31. Re1 Qd8 32. Ne4 Ba8 0-1